00549nam a2200181Ia 4500003000400000008004100004040001600045082002200061100003000083245006200113260005700175300000700232490003800239650001900277650001500296650002600311650003000337GCL140319s9999 xx 000 0 ara d aGCL / cGCL04aطb813.02bح م1 aعادل البطراوى10aالكركى العذراء / cعادل البطراوى a[S.N] : bدار الكتاب المصرى ، c1991 a16 aمن حكايات الشعوبv004aالاطفال04aالقصص04aقصص الاطفال04aالقصص الشعبية